| 000 | 00917cam a2200253 a 4500 | ||
|---|---|---|---|
| 001 | 0000006121 | ||
| 005 | 20170406121241.0 | ||
| 008 | 030829s2002 rh a b 000 0 eng | ||
| 010 | _a 2003407396 | ||
| 020 | _a1779360037 | ||
| 035 | _a(DLC) 2003407396 | ||
| 040 |
_aDLC _cDLC |
||
| 042 | _aode=LC overseas data entry | ||
| 043 | _af-rh--- | ||
| 050 | 0 | 0 |
_aJS7643.3.A2 _bS68 2002 |
| 245 | 0 | 4 |
_aThe source from which rivers flow : _borganising for local governance, poverty reduction, and development / _cACPD - Bookteam. |
| 260 |
_a[Harare] : _bAfrican Community Pub. and Development Trust, _cc2002. |
||
| 300 |
_avii, 77 p. : _bill. ; _c30 cm. |
||
| 440 | 0 |
_aCommunity capacity building series ; _v3 |
|
| 504 | _aIncludes bibliographical references (p. 75-76). | ||
| 650 | 0 |
_aLocal government _zZimbabwe. |
|
| 710 | 2 | _aAfrica Community Publishing and Development Trust. | |
| 908 | _a151120 | ||
| 999 |
_c5875 _d5875 |
||